000 00430nam a2200181Ia 4500
008 090123s9999 xx 000 0 und d
082 _b35599
100 _aENID BLYTON
245 _aTHE RILLOBY FAIR MYSTERY
250 _a0
260 _bLATIMER HOUSE LTD
300 _a188
600 _aENID BLYTON
630 _aTHE RILLOBY FAIR MYSTERY
700 _aENID BLYTON
730 _aTHE RILLOBY FAIR MYSTERY
942 _cBOOK
999 _c73666
_d73666